Featured Quizzes - Sudden Death #2 - Statistics

General Stats
  • This quiz has been taken 112 times
    66 since last reset
  • The average score is 3 of 20
Answers on the Grid
Answers color-coded by a green-red scale on the quiz's grid according to % correct below.
Ben and Jerry's Flavors Quiz
Countries that border the Aral Sea
Sonic Characters By Picture
A Quiz About UFOs
Is That Really in the Constitution?
Police Phonetic Alphabet
Space Race : USA or USSR?
Drama: Korean, Chinese, Japanese, or Thai?
Eurovision Song Contest Winners Quiz
Countries Self Identified as Undemocratic
NASA ... or SpaceX?
NASCAR Daytona 500 Winners
Gordon Ramsay Filmography
Where in the U.K. - Caves
Alkaline Earth Metals
A Quiz About Mormonism
Alcoholic... or Teetotaler?
All That Glitters - A Quiz About Gold
American Commercial Jingles
Baseball Rules Lawyer Quiz
California Cities starting with SAN or SANTA
Cobb Salad Ingredients
England 1966 FIFA World Cup Squad
Explore the South Seas
Famous Adulterers
Harvard University
Most Common Demonyms in American Writing
Places Where Winston Churchill Said We Would Fight the Nazis
Recommended Childhood Vaccines for Americans
Rocket League Ranks
Seven Heavenly Virtues
The 12 Tribes of Israel
U.S. Presidents and Veeps that are Words
Ways to Die in Oregon Trail
Words for Jail
 
Answer Stats
Answer % Correct
The 12 Tribes of Israel
43%
Ways to Die in Oregon Trail
29%
Places Where Winston Churchill Said We Would Fight the Nazis
21%
Words for Jail
21%
A Quiz About Mormonism
14%
Baseball Rules Lawyer Quiz
14%
California Cities starting with SAN or SANTA
14%
England 1966 FIFA World Cup Squad
14%
Explore the South Seas
14%
Harvard University
14%
Recommended Childhood Vaccines for Americans
14%
Seven Heavenly Virtues
14%
Alcoholic... or Teetotaler?
7%
All That Glitters - A Quiz About Gold
7%
Famous Adulterers
7%
Rocket League Ranks
7%
American Commercial Jingles
0%
Cobb Salad Ingredients
0%
Most Common Demonyms in American Writing
0%
U.S. Presidents and Veeps that are Words
0%
No matching quizzes found
Score Distribution
Percent of People with Each Score
Percentile by Number Answered
Your Score History
You have not taken this quiz since the last reset